| 000 | 00643nam a2200205Ia 4500 | ||
|---|---|---|---|
| 003 | GCL | ||
| 008 | 140319s9999 xx 000 0 ara d | ||
| 040 |
_aGCL / _cGCL |
||
| 082 | 0 | 4 |
_a953.04 _bو ح |
| 100 | 1 | _aوليم الخازن | |
| 245 | 1 | 0 |
_aالحضارة العباسية / _cوليم الخازن |
| 260 |
_a[S.N] : _bدار المشرق ، _c1992 |
||
| 300 | _a219 ص | ||
| 490 |
_aالمجموعة التاريخية _v0 |
||
| 650 | 0 | 4 | _aالتاريخ الاسلامى |
| 650 | 0 | 4 | _aالدولة العباسية |
| 650 | 0 | 4 | _aالعلوم عند العرب |
| 650 | 0 | 4 | _aالحضارة الاسلامية |
| 942 |
_2ddc _cBK |
||
| 999 |
_c37348 _d37348 |
||